00957cam a22002417a 45000010009000000050017000090080041000260200025000670200022000920820023001141000050001372450065001872600064002523000033003164400052003495040051004016500043004526530022004956500033005179420012005509990017005629520136005791524104720161221173334.0080331s2008 enka b 001 0 eng  a9780521875653 (hbk.) a052187565X (hbk.)04a621.38411222bHAS1 aHaslett, Christopherq(Christopher J.)93147410aEssentials of Radio Wave Propagation /cChristopher Haslett. aCambridge ;aNew York :bCambridge University Press,c2008. axi, 201 p. :bill. ;c24 cm. 4aThe Cambridge wireless essentials series931475 aIncludes bibliographical references and index. 0aWireless communication systems.931476 bElecNovember2012 098953aRadio wave propagation 2ddccBB c17109d17081 00102ddc40708BaccahaMAINbMAINc1STd2012-11-26epurchaseg397.00h16429l0o621.38411 HASp000027837r2025-07-15 00:00:00yBB